| 000 | 02236cam a22005534i 4500 | ||
|---|---|---|---|
| 003 | PE-LiUPU | ||
| 005 | 20250731170433.0 | ||
| 008 | 150623s r 000 0 d | ||
| 035 | _a(Sirsi) a28441 | ||
| 040 |
_aPE-LiUPU _bspa _cPE-LiUPU _erda |
||
| 082 | 0 | 4 |
_a100 _bS18 1964 _221 |
| 100 | 1 |
_aSalazar Bondy, Augusto, _eautor. |
|
| 245 | 1 | 0 |
_aIniciacion Filosofica / _cAugusto Salazar Bondy. |
| 264 | 1 |
_aLima : _bArica, _c1964. |
|
| 300 |
_a233 páginas ; _c21 centímetros. |
||
| 336 |
_atext _2rdacontent |
||
| 337 |
_aunmediated _2rdamedia |
||
| 338 |
_avolume _2rdacarrier |
||
| 505 | 0 | _aEl comienzo del filosofar -- El concepto de filosofia -- El proceso historico de la filosofia -- El dominio de la filosofia: temas y disciplinas -- El problematismo filosofico -- Lenguaje y conocimiento -- La definicion de la verdad -- El establecimiento de la verdad -- verdad y metodo en filosofia -- Las paradojas de la filosofia -- Filosofia y antifilosofia. | |
| 526 | _aSEG68 | ||
| 526 | _aSEG70 | ||
| 526 | _aSEG69 | ||
| 526 | _aSEG67 | ||
| 526 | _aSEG43 | ||
| 526 | _aP144 | ||
| 526 | _aP143 | ||
| 526 | _aP131 | ||
| 526 | _aP122 | ||
| 526 | _aP120 | ||
| 526 | _aP117 | ||
| 526 | _aP112 | ||
| 526 | _aP110 | ||
| 526 | _aP106 | ||
| 526 | _aP101 | ||
| 526 | _aP80 | ||
| 526 | _aP59 | ||
| 526 | _aP54 | ||
| 526 | _aP35 | ||
| 526 | _aP33 | ||
| 526 | _aP30 | ||
| 942 |
_2ddc _cBOOK |
||
| 949 |
_a100 S18 1964 _wDEWEY _c1 _i36435 _lCCODEBUL1 _mBUL _p00.00 _r0 _sY _tBOOK _u2015-06-24 _xBIBLIOTECA _zUNKNOWN _0COMPRA _o.STAFF. Colección General |
||
| 949 |
_a100 S18 1969 _wDEWEY _c1 _iFJ03620 _lCCODEBUJ1 _mBUJ _p10.00 _r0 _sY _tBOOK _u2016-10-31 _xBIBLIOTECA _zUNKNOWN _0COMPRA _o.STAFF. Colección General Juliaca |
||
| 596 | _a1 3 | ||
| 999 |
_a100 S18 1964 _wDEWEY _c35690 _i36435 _d35690 _e2019-8-11 _f2021-11-4 _g8 _lCCODEBUL1 _mBUL _n4 _r0 _sY _tBOOK _u2015-6-24 _xBIBLIOTECA _zUNKNOWN _0COMPRA _o.STAFF. Colección General |
||
| 999 |
_a100 S18 1969 _wDEWEY _c1 _iFJ03620 _d2019-6-17 _e2019-6-12 _f2022-1-17 _g4 _lCCODEBUJ1 _mBUJ _n7 _p10.00 _q6 _r0 _sY _tBOOK _u2016-10-31 _xSALUD _PP33 _0COMPRA _o.STAFF. Colección General Juliaca |
||
| 980 |
_81 _gALBERTO SANCHEZ Responsable de Automatización |
||